000 01760nam a2200349 i 4500
999 _c65576
_d65576
001 768714001
003 CO-MdFUSB
005 20200827141029.0
007 ta
008 200330t2000 -us |||| |||| 00| 0 eng d
020 _a9781565630840
040 _aCO-MdFUSB
_bspa
_cCO-MdFUSB
_dCO-MdFUSBC
_erda
041 _aeng
082 _223
_a270.20924
_bK29
100 _aKelly, John Norman Davidson
_eautor
245 1 _aJerome :
_b his life, writings, and controversies
_c/ John Norman Davidson Kelly
264 1 _aEstados Unidos :
_bHendrickson Publishers,
_c[2000]
264 4 _c© 2000
300 _a353 páginas
_c; 24 cm
336 _2rdacontent
_atexto
337 _2rdamedia
_asin mediación
_bn
338 _2rdacarrier
_avolumen
_bnc
500 _aColección Dawn Christina Harrell
505 _aNacimiento e infancia - Educación en Roma - Vida en Roma - Tréveris y Aquileia - Interludio en Antioquía - El desierto: alegrías y pruebas - Antioquía nuevamente - En Constantinopla - En la corte de Dámaso - Marcela, Paula, Eustochium - Triunfo y deshonra - De ida y vuelta a Belén - Los monasterios de Belén - Traductor y comentarista - De la Septuaginta a la Verdad hebrea - Historia propagandista - Campeón de la castidad - Jerónimo, Rufino, Juan - - Cartas, trienias, comentarios - Una traducción fatídica - La ruptura final - Teófilo, Crisóstomo, Agustín - La muerte de Paula - Escritura: polémica: exégesis - Se acumula la tristeza - La última polémica - Se cae el telón - Epílogo.
563 _aRústico
650 7 _9409
_aBiografía
650 0 _9408
_aPadres de la Iglesia
_xBiografía
650 0 _9408
_aHistoria de la Iglesia
_xBiografía
942 _cBK
945 _aJTF-925
_bAEM-53